[Event "4th Paleohora Open"]
[Site "Paleochora GRE"]
[Date "2011.07.26"]
[Round "8"]
[White "Yilmaz,M"]
[Black "Nikolov,Mo"]
[Result "1-0"]
[WhiteElo "2519"]
[BlackElo "2589"]

1.e4 c5 2.Nf3 e6 3.d4 cxd4 4.Nxd4 a6 5.Bd3 Qb6 6.Nb3 Qc7 7.O-O Nf6 8.Qe2 d6
9.f4 Nbd7 10.Bd2 Be7 11.Nc3 b5 12.Rae1 b4 13.Nd1 Bb7 14.Nf2 a5 15.c4 bxc3
16.Bxc3 O-O 17.Rc1 Qd8 18.Qd2 Nc5 19.Nxc5 dxc5 20.Qe2 Qb6 21.Kh1 Ba6 22.Rfd1 Rfc8
23.Ng4 Nxg4 24.Qxg4 g6 25.f5 exf5 26.exf5 Bxd3 27.Rxd3 Bf6 28.fxg6 hxg6 29.Rf1 Bxc3
30.bxc3 Qe6 31.Qg5 Re8 32.Qxc5 Qxa2 33.Rdf3 Qe6 34.Qf2 Re7 35.Rh3 Qe5 36.Qh4 Rae8
37.Qh7+ Kf8 38.Qxg6 Qg7 39.Qf5 Qe5 40.Qg6 Qg7 41.Qf5 Qe5 42.Qf3 Rc8 43.Rh7 Rcc7
44.Qh3 Kg8 45.Rh5 Qg7 46.Qh4 f6 47.Rxa5 Re8 48.Raf5 Re2 49.Rg1 Rxc3 50.Qxf6 Qxf6
51.Rxf6 Kh7 52.h3 Rg3 53.Kh2 Ree3 54.Rgf1 Rg8 55.Rf8 Rg5 56.R1f7+ Rg7 57.Rxg7+ Kxg7
58.Rf5 Kg6 59.Ra5 Rb3 60.h4 Kh6 61.g3 Kg6 62.Kh3 Kh6 63.Re5 Ra3 64.Kg4 Ra4+
65.Kf3 Kg6 66.Re4 Ra6 67.Kg4 Rb6 68.h5+ Kh6 69.Kh4 Ra6 70.g4 Kg7 71.g5 Ra1
72.h6+ Kf7 73.Rf4+ Kg6 74.Rf6+ Kh7 75.Rf7+ Kg8 76.Rg7+ Kh8 77.Rb7 Ra5 78.Kh5 Rc5
79.Re7 Ra5 80.Kg6 Ra6+ 81.Kf5 Rb6 82.g6 Rb8 83.Rd7 Rb5+ 84.Ke6 Rb6+ 85.Rd6 Rb8
86.Ke7 Rg8 87.Rd8  1-0

[Event "11th Curacao Open"]
[Site "Curacao AHO"]
[Date "2011.07.27"]
[Round "5"]
[White "Matoewi,R"]
[Black "Lopez,Ja"]
[Result "1/2-1/2"]
[WhiteElo "2150"]
[BlackElo "2127"]

1.e4 c5 2.Nf3 e6 3.d4 cxd4 4.Nxd4 a6 5.Bd3 Bc5 6.Nb3 Be7 7.Nc3 Qc7 8.Be3 d6
9.O-O Nf6 10.f4 Nbd7 11.Qf3 b5 12.g4 Nc5 13.g5 Nfd7 14.Nd4 b4 15.Nce2 Bb7
16.Ng3 g6 17.Qf2 d5 18.f5 gxf5 19.exf5 e5 20.f6 Bd6 21.Ndf5 O-O-O 22.Nxd6+ Qxd6
23.Nf5 Qc7 24.a3 d4 25.Bd2 Kb8 26.axb4 Nxd3 27.cxd3 Qc6 28.Ng3 Rdg8 29.Ne4 h6
30.Rfc1 Qe6 31.b5 hxg5 32.bxa6 Bxe4 33.dxe4 Rh3 34.Be1 Qg4+ 35.Qg2 Qxg2+
36.Kxg2 Rb3 37.Ra2 Nxf6 38.Bg3 Nd7 39.Rc6 f6 40.Be1 Rb6 41.Rc4 Ka8 42.Rc7 Nb8
43.a7 Na6 44.Rf7 Rc8 45.b4 Nc7 46.Kg3 Nb5 47.Kf3 Nc3 48.Bxc3 dxc3 49.Rc2 Rcc6
50.Rd2 Rc8 51.Rc2 Rcc6 52.Ra2 Rc8 53.Rc2 Rxb4 54.Rxf6 Kxa7 55.Ke3 Rcc4 56.Kd3 Rd4+
57.Kxc3 Rbc4+ 58.Kb3 Rxc2 59.Kxc2 Rxe4  1/2-1/2

[Event "9th Metropolitan Invitational"]
[Site "Los Angeles USA"]
[Date "2011.07.27"]
[Round "1"]
[White "Matikozian,A"]
[Black "Coleman,T"]
[Result "1/2-1/2"]
[WhiteElo "2451"]
[BlackElo "2285"]

1.e4 c5 2.Nf3 e6 3.d4 cxd4 4.Nxd4 a6 5.Bd3 Bc5 6.Nb3 Ba7 7.O-O Nc6 8.Qe2 Nge7
9.Kh1 d6 10.f4 O-O 11.f5 f6 12.Be3 Re8 13.Bxa7 Rxa7 14.Qf2 Ra8 15.Nc3 Ne5
16.Qg3 Kh8 17.Rad1 Bd7 18.Nd4 N7c6 19.Nde2 Qe7 20.Nf4 Rad8 21.Qh3 Qf7 22.Be2 exf5
23.exf5 Ne7 24.Ne6 Bxe6 25.fxe6 Qg8 26.Ne4 d5 27.Nc5 b6 28.Nxa6 Rd6 29.Qa3 Red8
30.Nc7 Qf8 31.Bb5 d4 32.Ba4 Nc4 33.Qb4 Ne3 34.Bd7 Ng6 35.Ne8  1/2-1/2

[Event "2nd ch-Vojvodina"]
[Site "Novi Sad SRB"]
[Date "2011.07.27"]
[Round "5.9"]
[White "Peovic,M"]
[Black "Drazic,S"]
[Result "0-1"]
[WhiteElo "2227"]
[BlackElo "2501"]

1.e4 c5 2.Nf3 e6 3.d4 cxd4 4.Nxd4 a6 5.Bd3 Bc5 6.Nb3 Be7 7.a4 Nc6 8.O-O d6
9.Be3 Bf6 10.c3 b6 11.N1d2 Nge7 12.Nc4 Rb8 13.Bc2 d5 14.Ncd2 O-O 15.f4 d4
16.cxd4 Nxd4 17.Nxd4 Bxd4 18.Nc4 Bxe3+ 19.Nxe3 Nc6 20.Qxd8 Rxd8 21.Rad1 Bd7
22.Rf2 Kf8 23.Rfd2 Ke7 24.Nc4 Nb4 25.Bb3 b5 26.axb5 axb5 27.Ne5 Be8 28.Rd4 Rxd4
29.Rxd4 f6 30.Nf3 Nc6 31.Rd2 Na5 32.Ba2 Rc8 33.e5 Rc1+ 34.Kf2 Ra1 35.b3 Nc6
36.exf6+ gxf6 37.b4 Nxb4 38.Bb3 Ra3 39.Bd1 Nd3+ 40.Kg3 Bg6 41.Nd4 Nxf4+ 42.Kxf4 e5+
43.Kg4 exd4 44.Rxd4 Rd3 45.Rxd3 Bxd3 46.Kf4 Kd6 47.Ke3 Bf1 48.g4 Ke5 49.h4 h6  0-1

[Event "9th Metropolitan Invitational"]
[Site "Los Angeles USA"]
[Date "2011.07.28"]
[Round "2"]
[White "Peters,Ja"]
[Black "Coleman,T"]
[Result "1-0"]
[WhiteElo "2377"]
[BlackElo "2285"]

1.e4 c5 2.Nf3 e6 3.d4 cxd4 4.Nxd4 a6 5.Bd3 Bc5 6.Nb3 Ba7 7.Nc3 Nc6 8.Qg4 Nf6
9.Qg3 d6 10.O-O b5 11.Bg5 h6 12.Bxf6 gxf6 13.Rad1 Ke7 14.Kh1 Qg8 15.Qh3 Bb7
16.f4 Qg7 17.Be2 Rad8 18.Bf3 Bb8 19.Ne2 h5 20.Qh4 Qh6 21.Ng3 Bc7 22.c3 Rd7
23.e5 Bb6 24.exf6+ Qxf6 25.Nf5+  1-0

[Event "5th AD San Juan Open"]
[Site "Pamplona ESP"]
[Date "2011.07.29"]
[Round "6"]
[White "Castellanos Rodriguez,R"]
[Black "Damljanovic,B"]
[Result "0-1"]
[WhiteElo "2497"]
[BlackElo "2611"]

1.e4 c5 2.Nf3 e6 3.d4 cxd4 4.Nxd4 a6 5.Bd3 Nf6 6.O-O e5 7.Bg5 d6 8.Nf5 Be6
9.Nc3 Nbd7 10.Qf3 h6 11.Bc1 Rc8 12.Rd1 g6 13.Ne3 h5 14.h3 Rc7 15.Bd2 Bh6
16.a4 Bf4 17.Bf1 g5 18.g3 g4 19.hxg4 Bxe3 20.Qxe3 Nxg4 21.Qg5 Qxg5 22.Bxg5 f6
23.Bd2 Ke7 24.Be2 Rcc8 25.f3 Nh6 26.Kf2 Nf7 27.Rh1 f5 28.exf5 Bxf5 29.Nd5+ Kf8
30.c4 Be6 31.Ne3 Nf6 32.b3 Ke7 33.Rad1 Rhg8 34.Bb4 Rc6 35.a5 Ng5 36.Bf1 Rf8
37.Kg2 Nxf3 38.Kxf3 Nd5+ 39.Ke4 Nxb4 40.Rxh5 Bf7 41.Nf5+ Kf6 42.Rh6+ Bg6
43.Bh3 d5+ 44.cxd5 Rc3 45.Rxg6+ Kxg6 46.Kxe5 Rxb3 47.Rd4 Nd3+ 48.Ke6 Rf6+
49.Ke7 Rf7+ 50.Ke6 Rf6+ 51.Ke7 Rxf5 52.Bxf5+ Kxf5 53.d6 Ne5 54.d7 Nc6+ 55.Kd6 Rxg3
56.Rd5+ Ke4 57.Rd1 Rg6+ 58.Kc7 Rg7 59.Kxb7 Ne5 60.Kxa6 Nxd7 61.Kb5 Rg5+ 62.Ka6 Ne5
63.Kb7 Rg7+ 64.Kb6 Nc4+ 65.Kb5 Ne3 66.Rd8 Rg5+ 67.Ka4 Nd5 68.a6 Rg1 69.Kb5 Rb1+
70.Kc5 Rc1+ 71.Kb5 Ra1 72.Rh8 Ke5 73.Rh6 Nc7+ 74.Kc4 Nxa6 75.Rh5+ Kd6 76.Rh6+ Kd7
77.Rh7+ Kc6 78.Rh6+ Kb7 79.Kb5 Nc7+ 80.Kc4 Re1 81.Kc5 Re5+ 82.Kd4 Ra5 83.Kc4 Nd5
84.Rh8 Nf6 85.Kd4 Kc7 86.Rf8 Rf5 87.Ra8 Rd5+ 88.Kc4 Rd1 89.Ra6 Ne4 90.Rh6 Kd7
91.Rg6 Nd6+ 92.Kc5 Nb7+ 93.Kc4 Nd8 94.Rg3 Ra1 95.Rh3 Ne6 96.Rh4 Kd6 97.Rh8 Ra4+
98.Kd3 Rg4 99.Kc3 Kd5 100.Rh5+ Ke4 101.Rh8 Rg3+ 102.Kc4 Rg1 103.Re8 Rc1+
104.Kb4 Kd5 105.Rh8 Rc4+ 106.Kb3 Nd4+ 107.Kb2 Rc2+ 108.Ka3 Rc7 109.Kb2 Kc4
110.Rh4 Rg7 111.Kc1 Rg2 112.Kd1 Kd3 113.Rh3+ Ke4 114.Rh4+ Ke3 115.Rh3+ Nf3
116.Kc1 Rf2 117.Rh8 Kd3 118.Rh3 Kc3 119.Kb1 Kb3 120.Kc1 Rb2  0-1

[Event "11th Curacao Open"]
[Site "Curacao AHO"]
[Date "2011.07.30"]
[Round "8"]
[White "Kats,A"]
[Black "Lopez,Ja"]
[Result "1-0"]
[WhiteElo "2097"]
[BlackElo "2127"]

1.e4 c5 2.Nf3 e6 3.d4 cxd4 4.Nxd4 a6 5.Bd3 Bc5 6.Nb3 Be7 7.Qg4 g6 8.Qe2 d6
9.a4 b6 10.Be3 Nd7 11.Na3 Ngf6 12.Bh6 Bf8 13.Be3 Bb7 14.f3 Qc7 15.Nc4 d5
16.exd5 Bxd5 17.O-O Bg7 18.Ncd2 Bb7 19.c4 Nc5 20.Nxc5 bxc5 21.Qf2 Nd7 22.Be4 O-O
23.Rab1 Rfd8 24.Bxb7 Qxb7 25.Ne4 f5 26.Nxc5 Nxc5 27.Bxc5 Qb3 28.Qe2 Kf7 29.Rfe1 e5
30.a5 Rdc8 31.Bb6 Rxc4 32.Qd2 Rac8 33.Qd5+ Kf8 34.Red1 Qb4 35.Rd2 Rc1+ 36.Rxc1 Rxc1+
37.Rd1 Rxd1+ 38.Qxd1 Bf6 39.Qc1 Qb5 40.Qc3 Be7 41.h3 Kf7 42.Kh2 Ke6 43.Qc8+ Kf7
44.Qh8 Bf6 45.Qc8 Bg5 46.Bf2 Qxb2 47.Qd7+ Kg8 48.Bg3 f4 49.Be1 e4 50.Qc8+ Kf7
51.Qc4+ Kf8 52.Qxe4 Qb5 53.Bb4+ Kg7 54.Qd4+ Kh6 55.Ba3 Kh5 56.Qd7 h6 57.Qd4 Qb1
58.Be7 Qb8 59.Qd7  1-0

[Event "9th Metropolitan Invitational"]
[Site "Los Angeles USA"]
[Date "2011.07.31"]
[Round "8"]
[White "Nunez Hirales,J"]
[Black "Coleman,T"]
[Result "0-1"]
[WhiteElo "2078"]
[BlackElo "2285"]

1.e4 c5 2.Nf3 e6 3.d4 cxd4 4.Nxd4 a6 5.Bd3 Bc5 6.c3 d6 7.Be3 Nf6 8.Nd2 Qc7
9.O-O Nc6 10.Kh1 Ne5 11.Be2 h5 12.f3 d5 13.Bg1 dxe4 14.Nxe4 Nxe4 15.fxe4 Bd6
16.Nf3 Nxf3 17.Bxf3 Bd7 18.Qd4 Be5 19.Qb4 g5 20.Be2 g4 21.Rad1 Bc6 22.Bb6 Qe7
23.Qxe7+ Kxe7 24.Bc5+ Ke8 25.Bd3 Rd8 26.Bc2 Rxd1 27.Rxd1 Bc7 28.Be3 f6 29.Rf1 Kf7
30.Bg5 Be5 31.Bxf6 Bxf6 32.e5 Rh6 33.Rxf6+ Rxf6 34.exf6 h4 35.Kg1 g3 36.hxg3 hxg3
37.Bd1 Kxf6 38.Bf3 Bb5 39.Bxb7 Bd3 40.b3 e5  0-1

[Event "Tabor Open"]
[Site "Tabor CZE"]
[Date "2011.07.31"]
[Round "1.5"]
[White "Ries,V"]
[Black "Voloshin,L"]
[Result "0-1"]
[WhiteElo "1927"]
[BlackElo "2411"]

1.e4 c5 2.Nf3 e6 3.d4 cxd4 4.Nxd4 a6 5.Bd3 Bc5 6.Nf3 Nc6 7.Nc3 d6 8.O-O Nge7
9.Bf4 e5 10.Bg3 O-O 11.Qd2 h6 12.Rad1 Be6 13.Rfe1 Qc7 14.Bf1 Rad8 15.Nd5 Bxd5
16.exd5 Nb8 17.b4 Ba7 18.Bxe5 dxe5 19.d6 Bxf2+ 20.Kxf2 Qb6+ 21.Qe3 Rxd6 22.Qxb6 Rxb6
23.Nxe5 Nec6 24.a3 Nxe5 25.Rxe5 Rc6 26.c4 Rc7 27.b5 Rfc8 28.Rd6 Kf8 29.Be2 Nd7
30.Rxd7 Rxd7 31.Bg4 Rd2+ 32.Ke3 Rcd8 33.bxa6 bxa6 34.c5 R8d3+ 35.Ke4 Rd4+
36.Kf3 Rd5 37.Rxd5 Rxd5 38.c6 f5 39.Bh5 Rc5 40.Bg6 Ke7 41.Kf4 Rxc6 42.Bxf5  0-1

[Event "16th Creon Open"]
[Site "Creon FRA"]
[Date "2011.08.02"]
[Round "3.6"]
[White "Santos Latasa,J"]
[Black "Ivanov,Jo"]
[Result "0-1"]
[WhiteElo "2242"]
[BlackElo "2398"]

1.e4 c5 2.Nf3 e6 3.d4 cxd4 4.Nxd4 a6 5.Bd3 Qb6 6.Nb3 Qc7 7.Be3 Nf6 8.N1d2 d6
9.f4 Nbd7 10.g4 g6 11.Qf3 Bg7 12.a4 O-O 13.a5 b5 14.axb6 Nxb6 15.O-O Nfd7
16.c3 Bb7 17.Qe2 d5 18.e5 Nc4 19.Bxc4 dxc4 20.Na5 Bd5 21.Ndxc4 Rab8 22.g5 Nc5
23.Bxc5 Qxc5+ 24.Qf2 Qe7 25.Nd6 f6 26.exf6 Bxf6 27.gxf6 Qxd6 28.c4 Ba8 29.Qa7 Rxf6
30.Rad1 Qf8 31.Qd4 Rf5 32.Ra1 e5 33.Qd2 exf4 34.h4 Qf6  0-1

[Event "FSGM August"]
[Site "Budapest HUN"]
[Date "2011.08.06"]
[Round "1"]
[White "Varga,Zo"]
[Black "Simonian,H"]
[Result "1/2-1/2"]
[WhiteElo "2483"]
[BlackElo "2461"]

1.e4 c5 2.Nf3 e6 3.d4 cxd4 4.Nxd4 a6 5.Bd3 Bc5 6.Nb3 Be7 7.O-O d6 8.c4 Nf6
9.Nc3 b6 10.a4 Nc6 11.a5 bxa5 12.Nxa5 Nxa5 13.Qa4+ Nd7 14.Qxa5 Ne5 15.Qxd8+  1/2-1/2

[Event "FSFMA1 August"]
[Site "Budapest HUN"]
[Date "2011.08.06"]
[Round "1"]
[White "Grimm,D"]
[Black "Farkas,R"]
[Result "1/2-1/2"]
[WhiteElo "2065"]
[BlackElo "2039"]

1.e4 c5 2.Nf3 e6 3.d4 cxd4 4.Nxd4 a6 5.Bd3 Bc5 6.Nb3 Be7 7.Be3 Qc7 8.N1d2 Nf6
9.f4 d6 10.Qe2 e5 11.fxe5 dxe5 12.h3 Be6 13.O-O-O b5 14.Kb1 Nbd7 15.Qf2 O-O
16.g4 Ne8 17.Nf3 Nd6 18.Nh4 Bxh4 19.Qxh4 Nc4 20.Bc1 a5 21.Qg3 Qb7 22.g5 a4
23.Nd2 a3 24.b3 Nb2 25.Rde1 Nxd3 26.Qxd3 b4 27.Nf3 Rac8 28.Bd2 Rc7 29.Qd6 Rc5
30.Re3 Rfc8  1/2-1/2

[Event "112th US Open"]
[Site "Orlando USA"]
[Date "2011.08.06"]
[Round "8"]
[White "Zepeda,L"]
[Black "Berrios Echevarria,G"]
[Result "1/2-1/2"]
[WhiteElo "2187"]
[BlackElo "2229"]

1.e4 c5 2.Nf3 e6 3.d4 cxd4 4.Nxd4 a6 5.Bd3 Nf6 6.O-O Qc7 7.Nc3 Nc6 8.Nxc6 dxc6
9.a4 b6 10.Re1 e5 11.h3 Be7 12.Qe2 O-O 13.Nd1 Nd7 14.Ne3 Nc5 15.Nf5 Bxf5
16.exf5 Nxd3 17.Qxd3 Rfd8 18.Qf3 Bf6 19.Be3 h6 20.Red1 c5 21.c3 Rab8 22.Qe4 c4  1/2-1/2

[Event "FSGM August"]
[Site "Budapest HUN"]
[Date "2011.08.08"]
[Round "3"]
[White "Konnyu,J"]
[Black "Rodriguez Lopez,Ra"]
[Result "0-1"]
[WhiteElo "2370"]
[BlackElo "2292"]

1.e4 c5 2.Nf3 e6 3.d4 cxd4 4.Nxd4 a6 5.Bd3 Bc5 6.Nb3 Ba7 7.Nc3 d6 8.Qe2 Nc6
9.Be3 Nge7 10.f4 b5 11.a3 O-O 12.O-O Bxe3+ 13.Qxe3 e5 14.Rad1 exf4 15.Rxf4 Be6
16.Nd5 Bxd5 17.exd5 Ne5 18.Kh1 Nxd3 19.Qxd3 Ng6 20.Rf5 Ne5 21.Qh3 g6 22.Rf4 Qg5
23.Rdf1 Nc4 24.Qf3 Ra7 25.Re1 Re7 26.Rxe7 Qxe7 27.Re4 Qg5 28.Re1 Nxb2 29.Nd4 Qd2
30.Qe4 Nd1 31.Kg1 Qf2+ 32.Kh1 Nc3 33.Qe3 Qxe3 34.Rxe3 Nxd5 35.Rd3 Nb6 36.Nc6 Re8
37.Kg1 Nc4  0-1

[Event "Sakkozo Magyarok World Meeting"]
[Site "Lakitelek HUN"]
[Date "2011.08.08"]
[Round "3.20"]
[White "Kaszas,V"]
[Black "Sarnyai,Daniel"]
[Result "1-0"]
[WhiteElo "1963"]
[BlackElo "1772"]

1.e4 c5 2.Nf3 e6 3.d4 cxd4 4.Nxd4 a6 5.Bd3 Qc7 6.Be3 Nf6 7.Nc3 Bb4 8.Qd2 d5
9.e5 Qxe5 10.Nf3 Qc7 11.a3 Bxc3 12.bxc3 Nbd7 13.Bd4 e5 14.Nxe5 Nxe5 15.Qe2 Nd7
16.f4 f6 17.fxe5 Nxe5 18.O-O O-O 19.Bxe5 Qxe5 20.Qxe5 fxe5 21.Bxh7+ Kxh7
22.Rxf8 b5 23.a4 bxa4 24.Rxa4 Rb8 25.Kf2 g6 26.Rh4+ Kg7 27.Rhh8 Rb2 28.Rxc8 Rxc2+
29.Kf1 Rc1+ 30.Ke2 Rc2+ 31.Ke3 Rxg2 32.Rhe8 e4 33.Re5 Rxh2 34.Rxd5 Rh4 35.Re5  1-0

[Event "Sakkozo Magyarok World Meeting"]
[Site "Lakitelek HUN"]
[Date "2011.08.08"]
[Round "4.7"]
[White "Marosi,Le"]
[Black "Adzic,S"]
[Result "1/2-1/2"]
[WhiteElo "1957"]
[BlackElo "2114"]

1.e4 c5 2.Nf3 e6 3.d4 cxd4 4.Nxd4 a6 5.Bd3 Qc7 6.O-O Nf6 7.Qe2 d6 8.c4 Nbd7
9.f4 b6 10.Nc3 Bb7 11.Kh1 Rc8 12.Bd2 g6 13.Rae1 Bg7 14.Nf3 O-O 15.Ng5 Qb8
16.Rf3 Qa8 17.Rh3 Nc5 18.Bb1 d5 19.cxd5 exd5 20.e5 Nfe4 21.Nf3  1/2-1/2

[Event "50th World Juniors"]
[Site "Chennai IND"]
[Date "2011.08.09"]
[Round "7.47"]
[White "Karma,P"]
[Black "Gusain,H"]
[Result "1-0"]
[WhiteElo "2136"]
[BlackElo "2208"]

1.e4 c5 2.Nf3 e6 3.d4 cxd4 4.Nxd4 a6 5.Bd3 g6 6.O-O Bg7 7.Nb3 Nc6 8.c4 Nf6
9.Nc3 O-O 10.Qe2 d6 11.Rd1 Qc7 12.Be3 Bd7 13.Rac1 Rfe8 14.h3 Rac8 15.Bb1 Ne5
16.c5 d5 17.f4 Nc4 18.e5 Nh5 19.g4 Nxe3 20.Qxe3 Nxf4 21.Qxf4 Bxe5 22.Qf3 Bc6
23.Nd4 Bf4 24.Rc2 e5 25.Nce2 Bg5 26.Nxc6 bxc6 27.Rc3 Rf8 28.Kg2 Qe7 29.b4 Kh8
30.Ng3 e4 31.Bxe4 dxe4 32.Qxe4 Qc7 33.Qd4+ f6 34.Ne4 Bf4 35.Rcd3 Qf7 36.Qb2 Be5
37.Qb3 Qg7 38.Rd7 Qh6 39.Qf3 Rce8 40.Nf2 f5 41.Re1 fxg4 42.Nxg4 Qg7 43.Rxg7 Rxf3
44.Rxe5 Ra3 45.Rxh7+ Kxh7 46.Rxe8 Rxa2+ 47.Kg3 a5 48.b5 Ra3+ 49.Kf4 g5+ 50.Kxg5 Rc3
51.Nf6+ Kg7 52.Ne4  1-0

[Event "22nd ch-NATO"]
[Site "Kaunas LTU"]
[Date "2011.08.09"]
[Round "2.1"]
[White "Bieluszewski,P"]
[Black "Drabke,L"]
[Result "0-1"]
[WhiteElo "2120"]
[BlackElo "2472"]

1.e4 c5 2.Nf3 e6 3.d4 cxd4 4.Nxd4 a6 5.Bd3 Nf6 6.O-O Qc7 7.Qe2 d6 8.c4 Nbd7
9.Be3 Ne5 10.Nf3 Nxd3 11.Qxd3 Bd7 12.a4 b6 13.Bd4 Be7 14.Nbd2 O-O 15.b3 Bc6
16.Rfe1 h6 17.Rac1 Rfd8 18.Bb2 Qb7 19.Nd4 Be8 20.Qg3 Rac8 21.Qd3 Nd7 22.f4 Bf6
23.Kh1 Nc5 24.Qg3 e5 25.fxe5 dxe5 26.Rf1 Bg5 27.N4f3 Bxd2 28.Nxd2 Rxd2 29.Bxe5 Ne6
30.Bc3 Rd7 31.Rce1 Rcd8 32.Rf6 Rd3 33.Rf3 Rxf3 34.Qxf3  0-1

[Event "8th Ostroda Open"]
[Site "Ostroda POL"]
[Date "2011.08.09"]
[Round "7.2"]
[White "Kobus,S"]
[Black "Budrewicz,K"]
[Result "0-1"]
[WhiteElo "2104"]
[BlackElo "2194"]

1.e4 c5 2.Nf3 e6 3.d4 cxd4 4.Nxd4 a6 5.Bd3 Qc7 6.O-O Nf6 7.Bg5 Nc6 8.Ne2 h6
9.Bf4 d6 10.c3 g5 11.Bg3 Ne5 12.Bc2 Nh5 13.Nd2 Bd7 14.Nd4 Nxg3 15.hxg3 h5
16.N2f3 Be7 17.Nxe5 dxe5 18.Nf3 O-O-O 19.Qc1 Rhg8 20.Re1 g4 21.Nh4 Bg5 22.Qb1 Bd2
23.Rd1 Bb5 24.c4 Bxc4 25.Re1 Qa5 26.b4 Bxb4 27.Rc1 Kb8 28.Bb3 Bd3 29.Bc2 Be2
30.Qb3 Qa3 31.Rab1 Qxb3 32.Rxb3 Bd2 33.Rcb1 Rd7 34.R3b2 Rc8 35.Bd1 Bxd1 36.Rxd1 Rc1
37.Rb1 Rxb1 38.Rxb1 Rc7 39.f4 exf4 40.Rd1 fxg3 41.Rxd2 Rc1+  0-1

[Event "RTU Open A"]
[Site "Riga LAT"]
[Date "2011.08.09"]
[Round "1"]
[White "Tari,A"]
[Black "David,Alb"]
[Result "0-1"]
[WhiteElo "2179"]
[BlackElo "2609"]

1.e4 c5 2.Nf3 e6 3.d4 cxd4 4.Nxd4 a6 5.Bd3 Bc5 6.Nb3 Be7 7.Qg4 g6 8.Qe2 d6
9.a4 Nc6 10.Na3 Ne5 11.O-O Nf6 12.Bh6 Nfg4 13.Bf4 O-O 14.h3 Nf6 15.Nc4 Nxd3
16.Qxd3 e5 17.Bg5 Be6 18.Rad1 Qc7 19.Nxd6 Rfd8 20.Qc3 Qxc3 21.bxc3 Kg7 22.Nxb7 Rdc8
23.f4 exf4 24.e5 Nd5 25.Bxe7 Nxe7 26.N7c5 Bxb3 27.Nxb3 g5 28.Rd7 Kf8 29.Rf3 Ng6
30.Rd5 Rc4 31.Nc5 Rc8 32.Nd7+ Kg7 33.Nf6 R4c5 34.Rfd3 Rxd5 35.Rxd5 Rxc3 36.Nd7 Rxc2
37.Nc5 f3 38.e6 Rxg2+ 39.Kf1 fxe6 40.Nxe6+ Kf6 41.Nd4 Nf4 42.Ra5 Nxh3 43.Rxa6+ Kf7
44.Ra7+ Kg6 45.Ra6+ Kh5 46.Ke1 f2+ 47.Ke2 Rg1 48.Rf6 Re1+  0-1

[Event "1st Radzikowskiej Mem"]
[Site "Warsaw POL"]
[Date "2011.08.09"]
[Round "5"]
[White "Leks,M"]
[Black "Sharevich,A"]
[Result "1-0"]
[WhiteElo "2082"]
[BlackElo "2344"]

1.e4 c5 2.Nf3 e6 3.d4 cxd4 4.Nxd4 a6 5.Bd3 b5 6.a4 b4 7.a5 Bb7 8.O-O d5 9.e5 Qc7
10.Qe2 Nd7 11.f4 Bc5 12.Be3 Ne7 13.Nd2 Nc6 14.N2b3 Nxd4 15.Nxd4 g6 16.Kh1 h5
17.Rf3 Be7 18.Rh3 Nc5 19.g4 h4 20.g5 Ne4 21.Bg1 Bc5 22.Qg4 Ke7 23.Rxh4 Bxd4
24.Bxd4 Nf2+ 25.Bxf2 d4+ 26.Kg1 Qc6 27.Kf1 Qh1+ 28.Qg1 Qf3 29.Rxh8 Rxh8 30.Qg3 Qh1+
31.Bg1 Qd5 32.Ke2 b3 33.cxb3 Qxb3 34.Bxd4 Rd8 35.Ra3 Qd5 36.Bb6 Rc8 37.Rc3 Rxc3
38.bxc3 Qa2+ 39.Ke3 Qb2 40.Bc5+ Ke8 41.Bb4 Qc1+ 42.Kf2 Qh1 43.Ke2 Qc1 44.c4 Bc6
45.Qe3 Qh1 46.Qf2 Be4 47.Be1 Bxd3+ 48.Kxd3 Qb7 49.Bc3 Qb1+ 50.Kd4 Qb7 51.Qb2 Qd7+
52.Ke3 Qa4 53.Qb8+ Kd7 54.Qd6+ Ke8 55.Bb4  1-0

[Event "Arad Open A"]
[Site "Arad ROU"]
[Date "2011.08.10"]
[Round "8.10"]
[White "Chereches,M"]
[Black "Garbea,B"]
[Result "1-0"]
[WhiteElo "2280"]
[BlackElo "2258"]

1.e4 c5 2.Nf3 e6 3.d4 cxd4 4.Nxd4 a6 5.Bd3 Nf6 6.O-O Qc7 7.c4 d6 8.Nc3 b6
9.Be3 Bb7 10.Rc1 Nbd7 11.f3 Be7 12.Qd2 O-O 13.Rfd1 Rac8 14.Bf1 Qb8 15.Bf2 Rfd8
16.Nc2 h5 17.Ne3 Ne5 18.b3 h4 19.Be2 Nh5 20.g3 hxg3 21.hxg3 Nf6 22.Kg2 d5
23.cxd5 Ba3 24.Rc2 Bb4 25.Qc1 Rxc3 26.Rxc3 exd5 27.Nxd5 Nxd5 28.exd5 Bxc3
29.Qxc3 Bxd5 30.Bd4 Re8 31.Kf2 Bb7 32.Rc1 Re6 33.Bd1 Nc6  1-0

[Event "50th World Juniors"]
[Site "Chennai IND"]
[Date "2011.08.10"]
[Round "8.51"]
[White "Gusain,H"]
[Black "Jefic,S"]
[Result "1-0"]
[WhiteElo "2208"]
[BlackElo "2143"]

1.e4 c5 2.Nf3 e6 3.d4 cxd4 4.Nxd4 a6 5.Bd3 Bc5 6.Nb3 Ba7 7.O-O Nc6 8.Re1 d6
9.Be3 Nf6 10.c4 O-O 11.Nc3 e5 12.Bxa7 Rxa7 13.Qd2 Be6 14.Bf1 Qc7 15.Rac1 Ne7
16.Red1 Rd8 17.Qe3 Raa8 18.Nd2 Nd7 19.Qd3 Nc5 20.Qb1 Bg4 21.f3 Bh5 22.Kh1 Qb6
23.Nd5 Nxd5 24.cxd5 Qa7 25.b4 Nd7 26.Nc4 Nb6 27.Na5 Rdc8 28.Qd3 f6 29.Qe3 Be8
30.Rxc8 Nxc8 31.Qxa7 Rxa7 32.Rc1 Bd7 33.a4 Kf8 34.g3 Ke8 35.Rc7 b5 36.Nb7 Ra8
37.a5 g6 38.h4 f5 39.Bh3 Rb8 40.Kh2 h5 41.f4 Ra8 42.fxe5 dxe5 43.Nc5 Ra7
44.Rxa7 Nxa7 45.Nxd7 Kxd7 46.exf5 gxf5 47.Bxf5+ Kd6 48.g4 Kxd5  1-0

[Event "50th World Juniors"]
[Site "Chennai IND"]
[Date "2011.08.10"]
[Round "8.30"]
[White "Udeshi,A"]
[Black "Kulkarni,R"]
[Result "0-1"]
[WhiteElo "2378"]
[BlackElo "2231"]

1.e4 c5 2.Nf3 e6 3.d4 cxd4 4.Nxd4 a6 5.Bd3 Ne7 6.O-O Nbc6 7.Nxc6 Nxc6 8.Nc3 b5
9.Be3 Bb7 10.f4 Be7 11.Qh5 Qc7 12.Rae1 g6 13.Qe2 Nb4 14.a3 Nxd3 15.cxd3 f5
16.Rc1 Qd8 17.exf5 exf5 18.Bc5 Kf7 19.Bxe7 Qxe7 20.Qxe7+ Kxe7 21.Rfe1+ Kd6
22.Re5 Bc6 23.Rce1 Rhb8 24.b4 a5 25.bxa5 Rxa5 26.a4 Rxa4 27.Nxa4 bxa4 28.R5e2 Rb3
29.Rd2 Kc5 30.Kf2 Kd4 31.Rc1 Bd5 32.Ra1 a3 33.Ke1 Kc3 34.Kd1 Kb4 35.Kc1 Rc3+
36.Kb1 Bb3 37.g3 d5 38.h3 h6 39.g4 h5 40.g5 h4 41.Raa2 Bxa2+ 42.Kxa2 d4 43.Kb1 Rc6
44.Re2 Ka4 45.Ka2 Rb6 46.Re8 Rb2+ 47.Ka1 Rh2 48.Re6 Rxh3 49.Rxg6 Rxd3 50.Ra6+ Kb3
51.Rb6+ Kc3 52.Ka2 Kc4 53.Rh6 h3 54.g6 Rg3 55.g7 Rxg7 56.Rxh3 Ra7 57.Rh8 d3
58.Rd8 Kc3 59.Kb1 Ra4 60.Rd5 d2  0-1

[Event "RTU Open A"]
[Site "Riga LAT"]
[Date "2011.08.10"]
[Round "3"]
[White "Levchenkov,V"]
[Black "Akesson,R"]
[Result "0-1"]
[WhiteElo "2240"]
[BlackElo "2429"]

1.e4 c5 2.Nf3 e6 3.d4 cxd4 4.Nxd4 a6 5.Bd3 Bc5 6.Nb3 Be7 7.c4 d6 8.O-O Nf6
9.Be3 b6 10.Nc3 Bb7 11.f4 Nbd7 12.Qe2 h5 13.h3 h4 14.Qf2 Qc7 15.Rac1 Rc8
16.Rfe1 Nc5 17.Nxc5 bxc5 18.Bd2 Nd7 19.Ne2 Bf6 20.Bc3 e5 21.f5 Bg5 22.Rcd1 Nf6
23.Qf3 Bc6 24.Bd2 Bxd2 25.Rxd2 Ke7 26.Nc3 Rh5 27.Qf2 Rch8 28.Bc2 Qb6 29.Red1 Rd8
30.b3 Rd7 31.Qe3 Qb8 32.Kh2 Rh6 33.Qg5 Qh8 34.a3 a5 35.a4 Rh5 36.Qe3 Qh6
37.Qxh6 Rxh6 38.Re1 Rd8 39.Nb5 g6 40.fxg6 Rxg6 41.Re3 Nh5 42.Nc3 Rdg8 43.Nd5+ Bxd5
44.exd5 Rg3 45.Rxg3 Nxg3 46.Kg1 f5 47.Kf2 Kf6 48.Rd1 e4 49.Ke3 Ke5 50.Rg1 f4+
51.Kd2 Nf5 52.Kd1 Rg3 53.Ke2 f3+ 54.Kf1 Ne3+ 55.Ke1 Nxg2+  0-1

[Event "XX TCh-MKD"]
[Site "Struga MKD"]
[Date "2011.08.10"]
[Round "3"]
[White "Kacakovski,D"]
[Black "Micov,V"]
[Result "1-0"]
[WhiteElo "2130"]
[BlackElo "2251"]

1.e4 c5 2.Nf3 e6 3.d4 cxd4 4.Nxd4 a6 5.Bd3 Nf6 6.O-O Qc7 7.Qe2 d6 8.c4 Nc6
9.Nxc6 bxc6 10.Nc3 Be7 11.Kh1 Nd7 12.b3 Bf6 13.Bb2 Nc5 14.Bc2 e5 15.Qd2 Ne6
16.Ne2 Bg5 17.Qd3 c5 18.Rad1 Nd4 19.f4 Be7 20.Nc3 Bb7 21.Nd5 Bxd5 22.exd5 Nxc2
23.Qxc2 f6 24.fxe5 dxe5 25.Qf5 Bd6 26.Rd3 Qd7 27.Qh5+ Qf7 28.Qh4 Ra7 29.b4 cxb4
30.c5 Bxc5 31.Qc4 Rc7 32.Bxe5 Bd6 33.Qxa6 fxe5 34.Qa8+ Ke7 35.Rxf7+ Kxf7
36.Rf3+ Ke7 37.Qa6 Rc1+ 38.Rf1 Rhc8 39.g3 Rxf1+ 40.Qxf1 Rc5 41.Qd3 g6 42.Kg2 Ra5
43.Qc4 h5 44.Kh3 Ra8 45.Qc2 Kf6 46.Qc6 Rd8 47.Qb6 Rd7 48.Qb5 Rd8 49.Qa5 Be7
50.Qb6+ Rd6 51.Qxb4 Rxd5 52.Qh4+ Kf7 53.Qc4 Ke6 54.a4 g5 55.g4 h4 56.a5 Bc5
57.a6 Kd6 58.a7 Bxa7 59.Qa6+ Kc5 60.Qxa7+ Kc4 61.Qa2+ Kd4 62.Qd2+ Kc4 63.Qxg5 e4
64.Qf4 Kd3 65.Kg2  1-0

[Event "1st Radzikowskiej Mem"]
[Site "Warsaw POL"]
[Date "2011.08.10"]
[Round "6"]
[White "Iwanow,A"]
[Black "Sharevich,A"]
[Result "0-1"]
[WhiteElo "2162"]
[BlackElo "2344"]

1.e4 c5 2.Nf3 e6 3.d4 cxd4 4.Nxd4 a6 5.Bd3 Qc7 6.Qe2 b6 7.c4 Bb7 8.O-O g6
9.Bd2 Bg7 10.Bc3 e5 11.Nc2 Ne7 12.f4 d6 13.Nd2 Nd7 14.Ne3 Nc5 15.f5 gxf5
16.exf5 Bf6 17.Ng4 Ng8 18.Ne4 Nxe4 19.Bxe4 h5 20.Bxb7 Qxb7 21.Nf2 Be7 22.b4 Nf6
23.Rad1 Rg8 24.Nd3 Qe4 25.Qxe4 Nxe4 26.Bb2 f6 27.Rfe1 Ng5 28.Kf2 Nf7 29.Bc1 b5
30.Nb2 Nd8 31.a4 bxa4 32.Nxa4 Rb8 33.c5 Rxb4 34.cxd6 Rxa4 35.dxe7 Kxe7 36.Rd3 Ra2+
37.Bd2 Nc6 38.Re2 Rd8 39.Rxd8 Kxd8 40.Kg3 Ke8 41.Kh4 Kf7 42.Rf2 Nd4 43.Kxh5 Nxf5
44.g4 Nd6 45.Be3 Rxf2 46.Bxf2 a5 47.Bc5 Ne4 48.Ba3 Nd2 49.g5 Nf3 50.h4 f5
51.Bb2 Kg7 52.g6 a4 53.Ba3 Nxh4 54.Kxh4 Kxg6 55.Bb2 Kf6 56.Kg3 Ke6 57.Kf3 Kd5
58.Ke3 e4 59.Ba1 a3 60.Kf4 Kc4 61.Ke3 Kb3 62.Bd4 Kc2 63.Kf4 a2 64.Kxf5 e3  0-1

[Event "1st Radzikowskiej Mem"]
[Site "Warsaw POL"]
[Date "2011.08.11"]
[Round "8"]
[White "Kochetkova,J"]
[Black "Sharevich,A"]
[Result "1/2-1/2"]
[WhiteElo "2319"]
[BlackElo "2344"]

1.e4 c5 2.Nf3 e6 3.d4 cxd4 4.Nxd4 a6 5.Bd3 Bc5 6.Nb3 Ba7 7.Qe2 Nc6 8.Be3 d6
9.O-O e5 10.Bxa7 Rxa7 11.c4 Nge7 12.Nc3 Ng6 13.Rfd1 Nf4 14.Qe3 O-O 15.Bf1 Ne6
16.Rac1 b6 17.Nd5 Ned4 18.Nxd4 Nxd4 19.Nc3 Rd7 20.Ne2 Ne6 21.Ng3 g6 22.Rc3 Bb7
23.Qh6 f6 24.Qd2 Nc5 25.Bd3 a5 26.Bc2 Qa8 27.f3 Rfd8 28.Qe3 Bc6 29.Bd3 Qb7
30.Bf1 Ne6 31.Rcd3 Nc5  1/2-1/2